000 00253nam a2200097Ia 4500
001 652878
005 20250826154446.0
008 250824s9999 xx 000 0 und d
245 0 _aAFACAN 5 LER 8 BAŞLARI BELADA
_cENID BLYTON
260 _bARTEMİS YAYINLARI
999 _c652878
_d652878